Greatest Violinists By Picture - Statistics

General Stats
  • This quiz has been taken 163 times
  • The average score is 7 of 14
Answer Stats
Picture Answer % Correct
Hilary Hahn
87%
Itzhak Perlman
87%
Antonio Vivaldi
76%
Maxim Vengerov
64%
Jascha Heifetz
56%
Niccolo Paganini
56%
Janine Jansen
55%
David Oistrakh
46%
Yehudi Menuhin
38%
Isaac Stern
31%
Pablo de Sarasate
31%
Eugène Ysaÿe
30%
Fritz Kreisler
28%
Henryk Wieniawski
24%
No matching quizzes found
Score Distribution
Percent of People with Each Score
Percentile by Number Answered
Your Score History
You have not taken this quiz